000 00932nas a2200301 4500
001 BR2011001220
003 BR-BrBNA
005 20231205114852.0
007 ta
008 230509b bl.|||p| |||| 00| 00por d
040 _aBR-BrBNA
_bpor
_cBiblioteca Nacional de Agricultura
041 _a(Pt)
072 _aF30
100 1 _aPaixão, S.L.
100 1 _aCavalcante, M.
100 1 _aFerreira, P.V.
100 1 _aMadalena, J.A. da S.
100 1 _aPereira, R.G.
245 1 _aDivergência genética e avaliação de populações de milho em diferentes ambientes no estado de Alagoas
650 _aMILHO
650 _aMELHORAMENTO GENÉTICO VEGETAL
650 _aCOMPORTAMENTO DE VARIEDADE
650 _aANÁLISE
650 _aALAGOAS
773 0 _tRevista Caatinga (Brazil)
_xISSN 0100-316X
_g(Oct-Dec 2008), v. 21(4) p. 180-185
_wBR2011001220
909 _a202311
_bLúcia
_c55
_dLúcia Elande
942 _2AGRIS
_n0
_cANA
999 _c210929
_d210929